00352 a2200133 450000100060000002000180000604000220002410000190004624000410006524500360010630000080014236200090015065000590015959999 a9783190074471 cAnchieta - Pituba aLuscher,renate10aÜbungsgramatik für anfangerlpor10aÜbungsgramatik für anfanger a3190 a2001 4aLínguas germânicas (teutônicas) língua alemã